000 01063nam0a22002771 4500
001 rc\4261494
005 20260407024845.0
021 _aRU
_b[67-88916]
035 _a(NLR Aleph) 008482646
090 _a8000064
_c8000064
100 _a20130416d1967 |||y0rusy50 ca
101 0 _arus
102 _aRU
105 _ay z |||||
200 1 _aКультура сирени в Белоруссии
_f[Выставка достижений нар. хоз-ва СССР]. Центр. ботан. сад АН БССР
210 _aМинск
_cУрожай
_d1967
215 _a8 с.
_d17
300 _aАвт. указан на обороте тит. л.: канд. биол. наук В.Ф. Бибикова
606 _aСирень
_xВозделывание
_yБССР
_2psbo
700 1 _aБибикова
_bВ.Ф.
_gВероника Федоровна
712 0 2 _aБотанический сад
_cМинск
_3RU\NLR\AUTH\8810010534
_9518729
801 0 _aRU
_bNLR
_gpsbo
801 1 _aRU
_bELAR
_2rusmarc
852 _aNLR
_j67-2/3166
942 _cBOOK
980 _aNB